Statystyki dla Państwa które są blisko polski

Kliknij tutaj aby rozwiązać quiz!

Ogólne statystyki

  • Ten quiz został rozwiązany 48 razy
  • Średni wynik to 6 z 6

Statystyki odpowiedzi

HintOdpowiedź% Poprawnych
granicaukraina
100%
granicaczechy
98%
granicaniemcy
98%
granicarosja
98%
granicasłowacja
98%
granicabiałoruś
96%

Rozkład punktacji

Percentyl według liczby udzielonych odpowiedzi

Procent ludzi z każdym wynikiem

Twoja historia wyników

Nie rozwiązałeś tego quizu